<?xml version="1.0" encoding="UTF-8"?>
<record
    xmlns:xsi="http://www.w3.org/2001/XMLSchema-instance"
    xsi:schemaLocation="http://www.loc.gov/MARC21/slim http://www.loc.gov/standards/marcxml/schema/MARC21slim.xsd"
    xmlns="http://www.loc.gov/MARC21/slim">

  <leader>02365nam a22002777a 4500</leader>
  <datafield tag="999" ind1=" " ind2=" ">
    <subfield code="c">21881</subfield>
    <subfield code="d">21881</subfield>
  </datafield>
  <controlfield tag="003">AR-CdUCM</controlfield>
  <controlfield tag="008">190425b           ||||| |||| 00| 0 spa d</controlfield>
  <datafield tag="040" ind1=" " ind2=" ">
    <subfield code="a">MUNICIPALIDAD PROVINCIAL DEL CUSCO</subfield>
    <subfield code="c">BIBLIOTECA MUNICIPAL DEL CUSCO</subfield>
  </datafield>
  <datafield tag="082" ind1=" " ind2=" ">
    <subfield code="a">Rev.AHC/N&#xB0;10/1959</subfield>
  </datafield>
  <datafield tag="110" ind1=" " ind2=" ">
    <subfield code="a">Archivo Regional del Cusco</subfield>
    <subfield code="9">46600</subfield>
  </datafield>
  <datafield tag="245" ind1=" " ind2=" ">
    <subfield code="a">Revista del Archivo Hist&#xF3;rico del Cuzco /</subfield>
    <subfield code="c">Universidad Nacional del Cuzco</subfield>
  </datafield>
  <datafield tag="260" ind1=" " ind2=" ">
    <subfield code="a">Cusco :</subfield>
    <subfield code="b">H.G. rozas,</subfield>
    <subfield code="c">1959.</subfield>
  </datafield>
  <datafield tag="300" ind1=" " ind2=" ">
    <subfield code="a">505 p&#xE1;ginas. :</subfield>
    <subfield code="c">21 cm.</subfield>
  </datafield>
  <datafield tag="440" ind1=" " ind2=" ">
    <subfield code="a">Revista del Archivo Hist&#xF3;rico.</subfield>
    <subfield code="n">A&#xF1;o X, 1959, N&#xB0;10.</subfield>
    <subfield code="9">46624</subfield>
  </datafield>
  <datafield tag="505" ind1=" " ind2=" ">
    <subfield code="a">Contenido: Testamento del conquistador don Juan de Pancorbo. -- Monograf&#xED;as sobre problemas sociales del Per&#xFA;. -- Un documentos de pu&#xF1;o y letra de Tupac Amaru. -- Primer informe sobe la conquista del Per&#xFA; por Hernando Pizarro. -- Supresi&#xF3;n de las facultades de derecho y medicina en la Universidad del Cusco. -- Dos decretos reales. -- Hist&#xF3;rica carta a los espa&#xF1;oles americanos por el jesuita peruano Juan Pablo Vizcardo y Guzm&#xE1;n. -- Partida de bautizo de Vizcardo y Guzm&#xE1;n. -- Actas de los libros de cabildos del Cuzco a&#xF1;o 1549. -- Propiedades del convento de San Agust&#xED;n del Cuzco. -- Fidelistas en la revoluci&#xF3;n de 1780, escritos de Gregorio de Y&#xE9;pez y Valdeiglesias, Antonio de Ugarte, Juan Bautista de Aranzabal y Domingo Pagaza Ortundoa. -- Informe sobre las malas acciones de un religioso Bethlemita. -- Real Audiencia del Cuzco, ordenanzas que la rigieron. -- Plata labrada y arancel eclesi&#xE1;stico a&#xF1;o 1826. --  Una escritura del pr&#xF3;cer don Bernardo Tambohuacso. -- Papeles de la revoluci&#xF3;n de 1814. -- Ecos de la visita de Bol&#xED;var al Cuzco. -- Hijos del general don Ramon Herrera. -- Papeles sobre el obispo Orihuela. -- Archivo del Colegio Nacional de Ciencias. -- Relaci&#xF3;n de la descendencia de Garci P&#xE9;rez de Vargas, por el Inca Garcilaso de la Vega 1596. -- Cr&#xF3;nicas perdidas presuntas y olvidadas sobe la conquista del Per&#xFA;.  Ra&#xFA;l Porras Barrenechea.</subfield>
  </datafield>
  <datafield tag="650" ind1=" " ind2=" ">
    <subfield code="a">Documentos hist&#xF3;ricos</subfield>
    <subfield code="9">1122</subfield>
  </datafield>
  <datafield tag="650" ind1=" " ind2=" ">
    <subfield code="a">Patrimonio documental</subfield>
    <subfield code="9">44090</subfield>
  </datafield>
  <datafield tag="650" ind1=" " ind2=" ">
    <subfield code="a">Historia del Cusco</subfield>
    <subfield code="9">1714</subfield>
  </datafield>
  <datafield tag="650" ind1=" " ind2=" ">
    <subfield code="a">Sim&#xF3;n Bol&#xED;var</subfield>
    <subfield code="9">1694</subfield>
  </datafield>
  <datafield tag="650" ind1=" " ind2=" ">
    <subfield code="a">Juan Pablo Vizcardo y Guzm&#xE1;n</subfield>
    <subfield code="9">46625</subfield>
  </datafield>
  <datafield tag="700" ind1=" " ind2=" ">
    <subfield code="a">Cornejo Bouroncle, Jorge</subfield>
    <subfield code="9">15278</subfield>
  </datafield>
  <datafield tag="700" ind1=" " ind2=" ">
    <subfield code="a">Garcilaso de la Vega, Inca</subfield>
    <subfield code="9">2774</subfield>
  </datafield>
  <datafield tag="700" ind1=" " ind2=" ">
    <subfield code="a">Porras Barrenechea, Ra&#xFA;l</subfield>
    <subfield code="9">46626</subfield>
  </datafield>
  <datafield tag="942" ind1=" " ind2=" ">
    <subfield code="2">ddc</subfield>
    <subfield code="c">PP</subfield>
  </datafield>
  <datafield tag="945" ind1=" " ind2=" ">
    <subfield code="a">rac</subfield>
  </datafield>
  <datafield tag="952" ind1=" " ind2=" ">
    <subfield code="0">0</subfield>
    <subfield code="2">ddc</subfield>
    <subfield code="4">0</subfield>
    <subfield code="7">0</subfield>
    <subfield code="a">HEM</subfield>
    <subfield code="b">HEM</subfield>
    <subfield code="c">CART</subfield>
    <subfield code="d">2021-09-07</subfield>
    <subfield code="g">10.00</subfield>
    <subfield code="o">Rev.AHC/N&#xB0;10/1959</subfield>
    <subfield code="p">REVC000392</subfield>
    <subfield code="r">2021-09-07</subfield>
    <subfield code="y">PP</subfield>
  </datafield>
  <datafield tag="952" ind1=" " ind2=" ">
    <subfield code="0">0</subfield>
    <subfield code="2">ddc</subfield>
    <subfield code="4">0</subfield>
    <subfield code="7">0</subfield>
    <subfield code="a">HEM</subfield>
    <subfield code="b">HEM</subfield>
    <subfield code="c">CART</subfield>
    <subfield code="d">2021-09-07</subfield>
    <subfield code="g">10.00</subfield>
    <subfield code="o">Rev.AHC/N&#xB0;10/1959/e.2</subfield>
    <subfield code="p">REVC000393</subfield>
    <subfield code="r">2021-09-07</subfield>
    <subfield code="y">PP</subfield>
  </datafield>
  <datafield tag="952" ind1=" " ind2=" ">
    <subfield code="0">0</subfield>
    <subfield code="2">ddc</subfield>
    <subfield code="4">0</subfield>
    <subfield code="7">0</subfield>
    <subfield code="a">HEM</subfield>
    <subfield code="b">HEM</subfield>
    <subfield code="c">CART</subfield>
    <subfield code="d">2021-09-07</subfield>
    <subfield code="g">10.00</subfield>
    <subfield code="o">Rev.AHC/N&#xB0;10/1959/e.3</subfield>
    <subfield code="p">REVC000394</subfield>
    <subfield code="r">2021-09-07</subfield>
    <subfield code="y">PP</subfield>
  </datafield>
</record>
